An introduction to electrical engineering
Uloženo v:
| Hlavní autor: | |
|---|---|
| Médium: | Kniha |
| Jazyk: | angličtina |
| Vydáno: |
Nueva York
Macmillan
1969
|
| Edice: | Macmillan series in Electrical Science
|
| Témata: | |
| Tagy: |
Přidat tag
Žádné tagy, Buďte první, kdo vytvoří štítek k tomuto záznamu!
|
MARC
| LEADER | 00000nam a2200000 a 4500 | ||
|---|---|---|---|
| 001 | UCU5156 | ||
| 003 | CL-VaPUC | ||
| 008 | 960531e19690000US |||||||||||||||||eng|d | ||
| 082 | 0 | 4 | |a 621.3 |b DUR |2 21 |
| 100 | 0 | |a Durling, Allen E |e author |9 363015 | |
| 245 | 1 | 3 | |a An introduction to electrical engineering |
| 300 | |a 460 p | ||
| 942 | |c BK | ||
| 945 | |d 19960531 00:00:00 |a lriquelm | ||
| 260 | |a Nueva York |b Macmillan |c 1969 | ||
| 650 | 0 | |a Electricidad |9 260222 | |
| 650 | 0 | |a Circuitos eléctricos |9 260262 | |
| 650 | 0 | |a Electrónica |9 263192 | |
| 650 | 7 | |a FRECUENCIAS |2 CL-VaPUC |9 360857 | |
| 583 | |a last modification |c 19960531 00:00:00 |k Rodrigo Vera | ||
| 490 | 0 | |a Macmillan series in Electrical Science | |
| 999 | |c 248611 |d 248609 | ||
| 952 | |0 0 |1 0 |4 0 |6 621_300000000000000_DUR_1969 |7 0 |8 A |9 265364 |a BIBING |b BIBING |d 2019-11-19 |i 1669486 |o 621.3 DUR 1969 |p 1669486 |r 2025-01-20 |w 2019-11-19 |y BK |k EIE | ||